Desarrollo, geografía y teoría económica

Saved in:
Bibliografiske detaljer
Hovedforfatter: Krugman, Paul R (autor)
Format: Bog
Sprog:spansk
Udgivet: Barcelona Antoni Bosch 1997
Udgivelse:1a. ed
Fag:
Tags: Tilføj Tag
Ingen Tags, Vær først til at tagge denne postø!

MARC

LEADER 00000cam a2200000 a 4500
001 UCL2375
003 CL-VaPUC
008 031017e19970000SP |||||||||||||||||spa|d
020 |a 8485855825 
082 0 4 |a 330.9  |b KRU  |2 21 
100 |a Krugman, Paul R  |e autor  |9 601879 
245 1 0 |a Desarrollo, geografía y teoría económica 
250 |a 1a. ed 
300 |a 113 p 
942 |c BK 
945 |d 20031017 00:00:00  |a cmena 
260 |a Barcelona  |b Antoni Bosch  |c 1997 
650 0 |a Geografía económica   |9 267757 
650 0 |a Desarrollo económico  |9 259599 
650 0 |a Modelos económicos  |9 324997 
583 |a last modification  |c 20140107 02:12:44  |k Rodrigo Vera 
999 |c 305714  |d 305712 
952 |0 0  |1 0  |4 0  |6 330_900000000000000_KRU_1997  |7 0  |8 A  |9 369982  |a BIBING  |b BIBING  |d 2019-11-21  |i 3903516  |o 330.9 KRU 1997  |p 3903516  |r 2025-01-20  |w 2019-11-21  |y BK  |k GEO 
952 |0 0  |1 0  |3 erb  |4 0  |6 330_900000000000000_KRU_1997  |7 0  |8 A  |9 369983  |a BIBING  |b BIBING  |i 5045592  |o 330.9 KRU 1997  |p 5045592  |r 2025-01-20  |w 2019-11-21  |y BK  |z Catalogado en:20140109  |k GEO 
952 |0 0  |1 0  |3 erb  |4 0  |6 330_900000000000000_KRU_1997  |7 0  |8 A  |9 369984  |a BIBING  |b BIBING  |i 5065674  |o 330.9 KRU 1997  |p 5065674  |r 2025-01-20  |w 2019-11-21  |y BK  |z Catalogado en:20140407  |k GEO